<?xml version="1.0" encoding="UTF-8"?>
<record
    xmlns:xsi="http://www.w3.org/2001/XMLSchema-instance"
    xsi:schemaLocation="http://www.loc.gov/MARC21/slim http://www.loc.gov/standards/marcxml/schema/MARC21slim.xsd"
    xmlns="http://www.loc.gov/MARC21/slim">

  <leader>00878nam a22002297a 4500</leader>
  <controlfield tag="003">OSt</controlfield>
  <controlfield tag="005">20151016124802.0</controlfield>
  <controlfield tag="008">130531s2006    sp ||||| |||| 00| 0 spa d</controlfield>
  <datafield tag="020" ind1=" " ind2=" ">
    <subfield code="a">8488788657</subfield>
  </datafield>
  <datafield tag="040" ind1=" " ind2=" ">
    <subfield code="c">CDMR</subfield>
  </datafield>
  <datafield tag="245" ind1="0" ind2="0">
    <subfield code="a">Claves para elaborar la informaci&#xF3;n en radio y televisi&#xF3;n</subfield>
    <subfield code="c">edici&#xF3;n, Miguel &#xC1;ngel Ortiz ; coordinaci&#xF3;n, Pedro Roncal ; redacci&#xF3;n: Jos&#xE9; Mar&#xED;a Castillo... [et al.]</subfield>
  </datafield>
  <datafield tag="260" ind1=" " ind2=" ">
    <subfield code="a">Madrid</subfield>
    <subfield code="b">Servicio de Publicaciones de RTVE</subfield>
    <subfield code="c">DL 2006</subfield>
  </datafield>
  <datafield tag="300" ind1=" " ind2=" ">
    <subfield code="a">133 p.</subfield>
  </datafield>
  <datafield tag="650" ind1="0" ind2="4">
    <subfield code="9">3157</subfield>
    <subfield code="a">Televisi&#xF3;</subfield>
    <subfield code="x">Noticiaris</subfield>
  </datafield>
  <datafield tag="650" ind1="0" ind2="4">
    <subfield code="9">3706</subfield>
    <subfield code="a">Periodisme audiovisual</subfield>
  </datafield>
  <datafield tag="650" ind1="0" ind2="4">
    <subfield code="9">2084</subfield>
    <subfield code="a">Comunicaci&#xF3; audiovisual</subfield>
    <subfield code="x">Producci&#xF3; i direcci&#xF3;</subfield>
  </datafield>
  <datafield tag="650" ind1="0" ind2="4">
    <subfield code="9">1981</subfield>
    <subfield code="a">Radiodifusi&#xF3;</subfield>
    <subfield code="x">Noticiaris</subfield>
  </datafield>
  <datafield tag="700" ind1="1" ind2=" ">
    <subfield code="9">600</subfield>
    <subfield code="a">Ortiz, Miguel &#xC1;ngel</subfield>
  </datafield>
  <datafield tag="700" ind1="1" ind2=" ">
    <subfield code="9">3612</subfield>
    <subfield code="a">P&#xE9;rez-Ornia, Jos&#xE9; Ram&#xF3;n</subfield>
    <subfield code="e">eds.</subfield>
  </datafield>
  <datafield tag="710" ind1="2" ind2=" ">
    <subfield code="9">2097</subfield>
    <subfield code="a">Instituto Oficial de Radio y Televisi&#xF3;n (Espanya)</subfield>
  </datafield>
  <datafield tag="942" ind1=" " ind2=" ">
    <subfield code="2">udc</subfield>
    <subfield code="c">MON</subfield>
  </datafield>
  <datafield tag="999" ind1=" " ind2=" ">
    <subfield code="c">6371</subfield>
    <subfield code="d">6371</subfield>
  </datafield>
  <datafield tag="952" ind1=" " ind2=" ">
    <subfield code="0">0</subfield>
    <subfield code="1">0</subfield>
    <subfield code="4">0</subfield>
    <subfield code="7">0</subfield>
    <subfield code="a">CDMR</subfield>
    <subfield code="b">CDMR</subfield>
    <subfield code="d">2013-01-16</subfield>
    <subfield code="l">1</subfield>
    <subfield code="o">EF 5/14</subfield>
    <subfield code="p">CDMR13056578N</subfield>
    <subfield code="r">2019-11-18</subfield>
    <subfield code="s">2019-11-06</subfield>
    <subfield code="w">2013-05-31</subfield>
    <subfield code="y">MON</subfield>
  </datafield>
</record>
